Statistics for Will Smith Movies Quiz

Click here to take the quiz!

General Stats

  • This quiz has been taken 40,249 times
    (531 since last reset)
  • The average score is 13 of 18

Answer Stats

Description Movie % Correct
Secret agents erase people's memories and protect Earth from myriad space aliensMen in Black
98%
The true story of the most famous boxer of the 20th centuryAli
94%
Aliens easily destroy most of the Earth's major cities, but are somehow
defeated by fighter pilots and a computer hacker
Independence Day
93%
Street urchin wins the love of a princess thanks to a genieAladdin
91%
The last man on Earth is looking for the cure to a virus that turns
people into vampire-like creatures
I Am Legend
84%
Professional date doctor helps men woo the women of their dreamsHitch
83%
In the year 2035, humanoid robots serve mankind and follow three simple rules
to govern their behavior - what could go wrong?
I, Robot
79%
Team of DC Comics supervillains work for the U.S. governmentSuicide Squad
79%
Secret service agents of the 1860s confront an ex-Confederate scientist who
has incredible steampunk techology such as a giant mechanical spider
Wild Wild West
76%
Homeless single father has a dream to become a stockbrokerThe Pursuit of Happyness
74%
Alcoholic superhero meets the love of his life, but there's a catchHancock
71%
Best friends are Miami narcotics detectivesBad Boys
69%
Fish angers a crime family of sharksShark Tale
66%
Magical caddy helps man face his personal demons and compete
in the big golf tournament
The Legend of Bagger
Vance
55%
Man commits suicide and donates his organs to seven random strangersSeven Pounds
51%
The NFL is trying to suppress evidence of brain trauma in former playersConcussion
50%
Humans have managed to escape the solar system and settle on an entirely
new planet, but are implausibly hunted by strange beasts that can sense fear
After Earth
50%
Government assassin is pursued by a younger clone of himselfGemini Man
38%

Score Distribution

Percentile by Number Answered

Percent of People with Each Score

Your Score History

You have not taken this quiz since the last reset